00534nam a2200169Ia 4500008004100000020001800041041000800059082001600067100001900083245003900102250000600141260003000147300001300177650002500190999001900215952013000234210716s2013 xx 000 0 und d a9780750686440 aeng a005.41 GANJ aGanssle, Jack. aArt of designing embedded systems. a2 aNew DelhibElsevierc2013 aviii,298 aEmbedded Programming c193966d193966 001040708MCAaAIMITbAIMITeKnowledge Worldg350.00l0o005.41 GANJpMCA13474r2025-07-21 00:00:00v262.50w2021-07-16yBK